PROFESSIONAL ETHICS ACCOUNTABILITY FOR LAWYERS AND BENCH BAR RELATIONS (Record no. 25761)

MARC details
000 -LEADER
fixed length control field 00362nam a22001457a 4500
003 - CONTROL NUMBER IDENTIFIER
control field SGT
020 ## - INTERNATIONAL STANDARD BOOK NUMBER
International Standard Book Number 9789388267335
082 ## - DEWEY DECIMAL CLASSIFICATION NUMBER
Classification number 340.112
Item number MAT
100 ## - MAIN ENTRY--PERSONAL NAME
Personal name MATHUR D N
245 ## - TITLE STATEMENT
Title PROFESSIONAL ETHICS ACCOUNTABILITY FOR LAWYERS AND BENCH BAR RELATIONS
250 ## - EDITION STATEMENT
Edition statement 1
260 ## - PUBLICATION, DISTRIBUTION, ETC. (IMPRINT)
Place of publication, distribution, etc ALLAHABAD
Name of publisher, distributor, etc CENTRAL LAW AGENCY
Year of Publication 2019
300 ## - PAGE DESCRIPTION
No. of Pages 504
942 ## - ADDED ENTRY ELEMENTS (KOHA)
Source of classification or shelving scheme Dewey Decimal Classification
Koha item type Books
942 ## - ADDED ENTRY ELEMENTS (KOHA)
-- 5
Holdings
Withdrawn status Lost status Source of classification or shelving scheme Damaged status Not for loan Collection code Home library Current library Shelving location Date acquired Vendor Name Cost, normal purchase price SGTU Bill Number Full call number Accession No. (Barcode) Date last seen Bill Date Koha item type Total Checkouts Total Renewals Date last borrowed
    Dewey Decimal Classification   Not For Loan LAW SGT Science & Social Sciences Library SGT Science & Social Sciences Library Reference Book 26/02/2024 COMMERCIAL BOOK HOUSE 390.00 SGTU 2075 340.112 MAT FL3361 26/02/2024 06/02/2024 Books      
    Dewey Decimal Classification     LAW SGT Science & Social Sciences Library SGT Science & Social Sciences Library Text Book 26/02/2024 COMMERCIAL BOOK HOUSE 390.00 SGTU 2075 340.112 MAT FL3362 26/02/2024 06/02/2024 Books      
    Dewey Decimal Classification     LAW SGT Science & Social Sciences Library SGT Science & Social Sciences Library Text Book 26/02/2024 COMMERCIAL BOOK HOUSE 390.00 SGTU 2075 340.112 MAT FL3363 16/12/2024 06/02/2024 Books      
    Dewey Decimal Classification     LAW SGT Science & Social Sciences Library SGT Science & Social Sciences Library Text Book 26/02/2024 COMMERCIAL BOOK HOUSE 390.00 SGTU 2075 340.112 MAT FL3364 21/01/2026 06/02/2024 Books 7 1 14/11/2025
    Dewey Decimal Classification     LAW SGT Science & Social Sciences Library SGT Science & Social Sciences Library Text Book 26/02/2024 COMMERCIAL BOOK HOUSE 390.00 SGTU 2075 340.112 MAT FL3365 08/12/2025 06/02/2024 Books 4   26/11/2025